Click the Countries of the World that Albania Used to Own on a Map - Statistics

General Stats
  • This quiz has been taken 25 times
  • The average score is 157 of 196
Answers on the Map
Answers color-coded by a green-red scale on the quiz's map according to % correct below.
 
Answer Stats
Answer % Correct
Armenia
85%
Canada
85%
Cape Verde
85%
China
85%
Eritrea
85%
Estonia
85%
Federated States of
Micronesia
85%
Gambia
85%
Ghana
85%
Honduras
85%
Indonesia
85%
Jamaica
85%
Laos
85%
Maldives
85%
Monaco
85%
Romania
85%
Solomon Islands
85%
Switzerland
85%
Tajikistan
85%
Togo
85%
Afghanistan
80%
Albania
80%
Andorra
80%
Angola
80%
Antigua and Barbuda
80%
Argentina
80%
Australia
80%
Bahamas
80%
Bahrain
80%
Barbados
80%
Belarus
80%
Belgium
80%
Belize
80%
Benin
80%
Bhutan
80%
Bolivia
80%
Bosnia and
Herzegovina
80%
Botswana
80%
Brazil
80%
Brunei
80%
Bulgaria
80%
Burkina Faso
80%
Burundi
80%
Cameroon
80%
Chad
80%
Chile
80%
Colombia
80%
Comoros
80%
Costa Rica
80%
Croatia
80%
Cuba
80%
Cyprus
80%
Czech Republic
80%
Democratic Republic
of the Congo
80%
Denmark
80%
Central African
Republic
80%
São Tomé and
Príncipe
80%
Djibouti
80%
Dominica
80%
Dominican Republic
80%
East Timor
80%
Ecuador
80%
Egypt
80%
El Salvador
80%
Equatorial Guinea
80%
Eswatini
80%
Fiji
80%
Finland
80%
Gabon
80%
Georgia
80%
Germany
80%
Greece
80%
Grenada
80%
Guatemala
80%
Guinea
80%
Guinea-Bissau
80%
Guyana
80%
Haiti
80%
Hungary
80%
Iceland
80%
India
80%
Iran
80%
Iraq
80%
Ireland
80%
Israel
80%
Italy
80%
Ivory Coast
80%
Japan
80%
Jordan
80%
Kazakhstan
80%
Kenya
80%
Kuwait
80%
Latvia
80%
Lebanon
80%
Lesotho
80%
Liberia
80%
Libya
80%
Liechtenstein
80%
Lithuania
80%
Luxembourg
80%
Madagascar
80%
Malawi
80%
Malaysia
80%
Mali
80%
Malta
80%
Marshall Islands
80%
Mauritania
80%
Mauritius
80%
Mexico
80%
Mongolia
80%
Montenegro
80%
Morocco
80%
Mozambique
80%
Myanmar
80%
Namibia
80%
Nauru
80%
Nepal
80%
Netherlands
80%
Nicaragua
80%
Niger
80%
North Korea
80%
Norway
80%
Oman
80%
Pakistan
80%
Palau
80%
Panama
80%
Papua New Guinea
80%
Paraguay
80%
Peru
80%
Philippines
80%
Poland
80%
Portugal
80%
Qatar
80%
Republic of the Congo
80%
Russia
80%
Rwanda
80%
Saint Kitts and Nevis
80%
Saint Lucia
80%
Saint Vincent and the
Grenadines
80%
Saudi Arabia
80%
Senegal
80%
Serbia
80%
Seychelles
80%
Sierra Leone
80%
Singapore
80%
Slovakia
80%
Slovenia
80%
Somalia
80%
South Africa
80%
South Sudan
80%
Spain
80%
Sri Lanka
80%
Sudan
80%
Suriname
80%
Sweden
80%
Syria
80%
Taiwan
80%
Tanzania
80%
Thailand
80%
Tonga
80%
Trinidad and Tobago
80%
Tunisia
80%
Turkmenistan
80%
Tuvalu
80%
Uganda
80%
Ukraine
80%
United Arab Emirates
80%
United Kingdom
80%
United States
80%
Uzbekistan
80%
Vanuatu
80%
Vietnam
80%
Yemen
80%
Zimbabwe
80%
Algeria
75%
Austria
75%
Azerbaijan
75%
Bangladesh
75%
Cambodia
75%
Ethiopia
75%
France
75%
Kiribati
75%
Kosovo
75%
Kyrgyzstan
75%
Moldova
75%
New Zealand
75%
Nigeria
75%
North Macedonia
75%
Samoa
75%
San Marino
75%
South Korea
75%
Turkey
75%
Uruguay
75%
Vatican City
75%
Venezuela
75%
Zambia
75%
No matching quizzes found
Score Distribution
Percent of People with Each Score
Percentile by Number Answered
Your Score History
You have not taken this quiz